000 00625nam a2200217 a 4500
005 20220602063700.0
008 991125s1970 es 000 0 spa u
035 _aUPN01000006167
049 _aCG
050 4 _aAC70
_bS2 no.58
100 1 _aVargas Llosa, Mario,
_d1936-
_929481
245 1 4 _aLos cachorros /
_cMario Vargas Llosa ; pról. Joaquín Marco.
260 _aEspaña :
_bSalvat,
_c1970.
300 _a143 p.
440 0 _aBiblioteca básica Salvat ;
_v58
501 _aCon: El desafío -- Día domingo
650 7 _aNovela peruana
_2
_910208
740 3 _aEl desafío
740 0 _aDía domingo
905 _aLibro
999 _c6167
_d6167